Normal view
MARC view
- Hill, Anne,
Entry Personal Name
001 - CONTROL NUMBER
- control field: 37894
003 - CONTROL NUMBER IDENTIFIER
- control field: OSt
005 - DATE AND TIME OF LATEST TRANSACTION
- control field: 20150510125859.0
008 - FIXED-LENGTH DATA ELEMENTS
- fixed length control field: 150510|| aca||aabn | a|a d
040 ## - CATALOGING SOURCE
- Original cataloging agency: OSt
100 1# - HEADING--PERSONAL NAME
- Personal name: Hill, Anne,
- Dates associated with a name: 1952-